División de la Naturaleza
Gardado en:
| Autor Principal: | |
|---|---|
| Formato: | Libro |
| Idioma: | Undetermined |
| Publicado: |
España
Ediciones Orbis
1984
|
| Materias: | |
| Etiquetas: |
Engadir etiqueta
Sen Etiquetas, Sexa o primeiro en etiquetar este rexistro!
|
MARC
| LEADER | 00000nam a2200000Ia 4500 | ||
|---|---|---|---|
| 008 | 170316s9999 xx 000 0 und d | ||
| 090 | |a 100 E-22d | ||
| 100 | |a Escoto Eriúgena, Juan | ||
| 245 | |a División de la Naturaleza | ||
| 260 | |a España | ||
| 260 | |b Ediciones Orbis | ||
| 260 | |c 1984 | ||
| 300 | |a 157 páginas | ||
| 650 | |a FILOSOFÍA | ||
| 650 | |a FILOSOFÍA MEDIEVAL | ||
| 650 | |a METAFÍSICA | ||
| 999 | |c 16115 |d 16115 | ||
| 040 | |a cru BVZT | ||
| 942 | |c 15 D |h 100 E-22d |2 z | ||
